01342nam a22003497a 4500003000500000005001700005008004100022010001000063011001000073035001000083040000900093082001500102100002600117245009900143260004800242300001100290490005400301500008700355590004100442590004100483590004100524590004200565650003600607650002000643650003400663830006100697901000700758942001000765949006500775999001700840952013500857CHAP20220329134140.0971013c19711954 r 00010 d a16146 a17118 a21201 cCHAP a301.24bH600aHoijer, Harry.955842 aLanguage in culture; conference in the interrelations of language and other aspects of culture aChicago :bUniv. of Chicago,c1971 (c.1954) a286 p. aComparative studies of cultures and civilizations aPublicado también como Memoir No. 79 of the American Anthropological Association aBATCH-UPDb10c20130110lUCH01h1401 aBATCH-UPDb10c20130410lUCH01h0852 aBATCH-UPDb10c20130914lUCH01h1023 aCONVERSIONb10c20130109lUCH01h131014aComunicación de masas.92621014aCultura.93040114aLenguajexFilosofía.9659870 aComparative studies of cultures and civilizations926075 aBK cLIBRO a301.24 H6bBCcLIBROd33724000291613eLIBROh29664i21201si c16146d16146 00102ddc4052708GRALaBCbBCcPA_GRALd2019-12-31fLIBROl0o301.24 H6p33724000291613r2019-12-31 00:00:00w2019-12-31yLIBRO